000 00320nam a2200157Ia 4500
100 _aBlack/ E.J
650 _aElectrical Engineering
942 _cBK
654 _aRadio Values
245 _aRadio Values
260 _bPhilips
_aLondon
082 _a621.3
_bBla
300 _a126
546 _aENGLISH
999 _c26154
_d26154